1766 1248 1080 1778 1022 1421 1996 1732 1855 1256 1773 1758 1519 1979 1455 1875 1719 1165 1052 1786 1287 1426 1186 1613 1137 1641 1009 1830 1590 1519 1185 1266 1517 1704 1374 1645 1697 1946 1228 1925 1428 1276 1965 1966 1916 1600 1879 1005 1297 1965 1199 1333 1680 1779 1837 1274 1269 1703 1657 1788 1153 1673 1253 1426 1387 1221 2000 1481 1833 1588 1964 1935 1412 1465 1305 1641 1640 1490 1991 1443 1307 1963 1218 1987 1704 1720 1436 1899 1292 1917 1618 1056 1870 1151 1463 1237 1258 1077 1643 BCNSPRNW ULIB Ver.6.0+V

เปลี่ยนเป็นภาษาไทย

Change to English
 แสดงรายละเอียดบรรณานุกรม
  กลับหน้าหลัก

Brief Record : Get Marc (ISO 2709) : E-mail record : QR code < ปิดหน้าต่าง
LEADER : 00000nam 2200000uu 4500
001    13399129212
003     ULIB
008    260511s2025||||th 000 0 tha d
020    ^a9781394202355
060  4 ^aWY160^bL377T
100 1  ^aDuncan, Laura.
245 1  ^aThriving in mental health nursing^h[electronic resource] /^cLaura Duncan.
260    ^aHoboken, NJ :^bWiley,^c2025.
300    ^a1 online resource.
520 8  ^aMental Health Nursing is a rapidly changing and growing area of healthcare that can be challenging and dynamic to work within. This book aims to help Mental Health professionals consider their own skills, their development needs and wellbeing as well as exploring the latest clinical research within the field and what this means for the clients we care for and support. Through the use of discussion, vignettes and activity suggestions, this book aims to improve attitudes and understanding of healthcare professionals throughout their career from first embarking on a training course to being an experienced Mental Health Nurse.A&^770; A&^770; The majority of Mental Health Nursing books focus on clinical skills or are condition focussed. Many don t encompass the need to focus on the wellbeing of the Mental Health Professional within the same context. This text will provide a 360 view of what it means to be a Mental Health Nurse and how to be a resilient, positive and proactive professional. Ensuring our own wellbeing and resilience is crucial to providing excellent quality care and so within this book we will look at the key topics from all angles.
650  0 ^aMental health personnel.
650  0 ^aNursing.
650  0 ^aPsychiatric nursing.
856 4  ^a^zWiley Online Library^uhttp://onlinelibrary.wiley.com/book/10.1002/97813
999    ^aประนอม เกษจรัล
รายการนี้ยังไม่มีแท็ก
คุณยังไม่ได้ล็อกอิน คุณสามารถมีกิจกรรมร่วมกับเว็บไซต์ได้ แต่ต้องล็อกอินก่อน ::
  ล็อกอิน

รายการสื่อสารสนเทศ

ลำดับที่ ประเภท เลขเรียก/บาร์โค้ด สถานที่ สถานะ
1. Book การพยาบาล
หนังสือสำรอง
สถานะ=หนังสือสำรอง
WY160 L377T ฉ.1 
  Barcode: 012198
ห้องสมุดวิทยาเขตสวรรค์ประชารักษ์
►หนังสือทั่วไป
บนชั้น

รายการใกล้เคียง
    หัวเรื่อง [Nursing.]
    หัวเรื่อง [Psychiatric nursing.]

BibComment


ยังไม่เคยถูกคอมเมนท์

คอมเมนท์ทรัพยากรรายการนี้
  คอมเมนท์: Thriving in ment..


 Copyright 2026. Bcnsprnw @Library